00829cam9a220026500 4500001001200000008004100012010001600053020001500069035002000084035002100104035002200125040000900147050002200156082001200178100007800190245009200268250001200360260003600372500002000408504003000428650003200458949004700490004000700537999001900544lce00428907780616s1978 mau b 001 0 eng  a 78051066 a0669011517 a(Sirsi) r115062 a(DLC) 78051066 a(UPRA)lce00428907 dUPRA0 aLB1738b.M25 1978 a378.1/21 aMcKeachie, Wilbert James, 1921-dMcKeachie, Wilbert James, 1921-6A4535.110aTeaching tips :ba guidebook for the beginning college teacher /cWilbert J. McKeachie. a7th ed. aLexington, MA :bHeath,cc1978. aIncludes index. aBibliography: p. 299-326. 0aCollege teaching.6S27696.1 aLB1738wlcci-165407mMAINtBOOKlON-SHELF115062 c195168d195168